Leviatan: o la materia, forma y poder de una república, eclesiástica y civil

Պահպանված է:
Մատենագիտական մանրամասներ
Հիմնական հեղինակ: Hobbes, Thomas (Հեղինակ)
Ձևաչափ: Գիրք
Լեզու:իսպաներեն
Հրապարակվել է: Ciudad de México Fondo de Cultura Económica 1980
Հրատարակություն:2a. ed
Շարք:Sección de Obras de Política y Derecho
Խորագրեր:
Ցուցիչներ: Ավելացրեք ցուցիչ
Չկան պիտակներ, Եղեք առաջինը, ով նշում է այս գրառումը!

MARC

LEADER 00000cam a2200000 a 4500
001 UCE8675
003 CL-VaPUC
008 150827e19800000mx |||||||||||||||||spa|d
020 |a 9681602250 
082 0 4 |a 320.101  |b HOB  |2 21 
100 |a Hobbes, Thomas  |e author  |9 223165 
245 1 0 |a Leviatan: o la materia, forma y poder de una república, eclesiástica y civil 
250 |a 2a. ed 
300 |a 618 p 
942 |c BK 
945 |d 20150827 16:13:00  |a dcastane 
260 |a Ciudad de México  |b Fondo de Cultura Económica  |c 1980 
650 7 |a TEORIA POLITICA  |2 CL-VaPUC  |9 581397 
650 0 |a Estado y sociedad  |9 345536 
583 |a last modification  |c 20150827 16:13:00  |k Rodrigo Vera 
490 0 |a Sección de Obras de Política y Derecho 
999 |c 360461  |d 360459 
952 |0 0  |1 0  |3 erd  |4 0  |6 320_101000000000000_HOB_1980  |7 0  |8 A  |9 470294  |a BIBDER  |b BIBDER  |e Valenzuela Fuenzalida, Alvaro Miguel, 1932-  |i 5203082  |l 1  |o 320.101 HOB 1980  |p 5203082  |r 2023-03-14  |s 2023-03-07  |w 2019-11-23  |y BK  |z Catalogado en:20150827  |k DER